[Event "Druga liga Srbije-Vojvodina 2014"]
[Site "Kac, hotel "]
[Date "2014.11.09"]
[Round "3.1"]
[White "Indjic, Aleksandar"]
[Black "Kopasz, Robert"]
[Result "1-0"]
[WhiteElo "2538"]
[BlackElo "2322"]
[PlyCount "59"]
[EventDate "2014.11.08"]

1. d4 Nf6 2. c4 g6 3. Nc3 Bg7 4. Nf3 d6 5. g3 O-O 6. Bg2 c6 7. O-O Qa5 8. h3 e5
9. e4 Re8 10. Be3 Na6 11. a3 Qc7 12. Qc2 Qe7 13. Rfe1 Qf8 14. Rad1 Bh6 15. Qc1
Bxe3 16. Qxe3 Qe7 17. Rd2 Kg7 18. Red1 Nc7 19. b4 Nd7 20. Bf1 f6 21. Kg2 Nf8
22. d5 Rd8 23. c5 Ne8 24. dxc6 bxc6 25. cxd6 Qe6 26. Qc5 Qxh3+ 27. Kg1 Qg4 28.
Nxe5 fxe5 29. Qxe5+ Kh6 30. f3 1-0

[Event "Druga liga Srbije-Vojvodina 2014"]
[Site "Kac, hotel "]
[Date "2014.11.09"]
[Round "3.1"]
[White "Simonyi, Zoltan"]
[Black "Vukic, Milan"]
[Result "0-1"]
[WhiteElo "2282"]
[BlackElo "2396"]
[PlyCount "162"]
[EventDate "2014.11.08"]

1. d4 Nf6 2. Nf3 c6 3. c4 d6 4. Nc3 Nbd7 5. e4 e5 6. Be2 Be7 7. O-O O-O 8. Re1
Qe8 9. Bf1 Bd8 10. d5 Qe7 11. Rb1 Re8 12. b4 c5 13. Ba3 b6 14. Qa4 Nb8 15. Nd2
Bd7 16. Qd1 Na6 17. Bd3 cxb4 18. Bxb4 Nc5 19. Bc2 Bc7 20. Re3 Rec8 21. Na4 Nb7
22. Nb2 Bd8 23. Nd3 b5 24. cxb5 Bb6 25. Rg3 Bxb5 26. Ba4 Bxd3 27. Rxd3 Nc5 28.
Bxc5 Rxc5 29. h3 g6 30. Rc1 Rac8 31. Bc6 Kg7 32. Rxc5 Bxc5 33. Rb3 Qd8 34. Qe2
Rb8 35. g3 Rxb3 36. Nxb3 Qb6 37. Kg2 Qb4 38. f3 Bb6 39. h4 Ng8 40. Bb5 Ne7 41.
Bd3 h6 42. Qd2 Qa4 43. Qc2 Qd7 44. Kh2 Qa4 45. Kg2 Ng8 46. Kh3 Qa3 47. Kg2 g5
48. Kh3 gxh4 49. Kxh4 Ne7 50. Kh3 a5 51. Nd2 Qb4 52. Nc4 Qc5 53. Nxb6 Qxb6 54.
Kg2 Qe3 55. Bb5 Qb6 56. a4 h5 57. Bd7 h4 58. Qd2 hxg3 59. Qg5+ Ng6 60. Qxg3 Kf8
61. Qf2 Nf4+ 62. Kg3 Qxf2+ 63. Kxf2 Nd3+ 64. Kg3 Nc5 65. Bb5 Kg7 66. Kg4 Kg6
67. Be8 Nd3 68. Bb5 Nf4 69. Be8 Ng2 70. Kg3 Nf4 71. Kg4 Kf6 72. Bb5 Ng2 73. Kg3
Ne3 74. Kh4 Kg7 75. Bd7 Kg6 76. Be8 Kf6 77. Bc6 Ke7 78. Kg5 f6+ 79. Kg6 Nc2 80.
Kf5 Kf7 81. Bd7 Ne3# 0-1

[Event "Druga liga Srbije-Vojvodina 2014"]
[Site "Kac, hotel "]
[Date "2014.11.09"]
[Round "3.1"]
[White "Stupavski, Zdenko"]
[Black "Nagy, Attila N"]
[Result "1-0"]
[WhiteElo "2413"]
[BlackElo "2221"]
[PlyCount "47"]
[EventDate "2014.11.08"]

1. c4 c5 2. g3 Nf6 3. Bg2 d5 4. cxd5 Nxd5 5. Nc3 Nc7 6. Nf3 Nc6 7. O-O e5 8.
Ne1 Bd7 9. Nd3 f6 10. b3 Be7 11. f4 exf4 12. Nxf4 O-O 13. Bb2 Rb8 14. e3 Ne5
15. d4 Bg4 16. Qd2 cxd4 17. exd4 Bb4 18. h3 Bf5 19. Rad1 Nc6 20. d5 Ne5 21. a3
Bc5+ 22. Kh1 Kh8 23. g4 Bd7 24. Ne4 1-0

[Event "Druga liga Srbije-Vojvodina 2014"]
[Site "Kac, hotel "]
[Date "2014.11.09"]
[Round "3.1"]
[White "Lorinc, Sandor"]
[Black "Elez, Nikola"]
[Result "1-0"]
[WhiteElo "2168"]
[BlackElo "2168"]
[PlyCount "117"]
[EventDate "2014.11.08"]

1. d4 d6 2. Bf4 c6 3. e3 g6 4. Nf3 Bg7 5. Be2 Nd7 6. Nbd2 Ngf6 7. h3 O-O 8. O-O
Re8 9. Bh2 a6 10. a4 c5 11. c3 b6 12. Qb1 Bb7 13. Rd1 Rc8 14. e4 cxd4 15. cxd4
Nb8 16. e5 Nd5 17. Nc4 Nb4 18. Ra3 Bxf3 19. gxf3 d5 20. Ne3 Qd7 21. f4 e6 22.
Bg3 Qe7 23. Rc3 Rc6 24. Rdc1 Rec8 25. Qa1 Qd8 26. Qa3 Bf8 27. Qb3 Be7 28. Kh2
Kg7 29. Rg1 Kh8 30. h4 Qc7 31. Nd1 Nc2 32. Qxc2 Bb4 33. Rxc6 Nxc6 34. Qd3 Ne7
35. Ne3 a5 36. h5 Qd7 37. Qb5 Qxb5 38. Bxb5 Bd2 39. Bh4 Bxe3 40. fxe3 Nf5 41.
Bf6+ Kg8 42. Re1 gxh5 43. Bd3 Nh6 44. Kh3 Kf8 45. Kh4 Rc6 46. Kxh5 Ng8 47. Bxh7
Rc4 48. Bxg8 Rc2 49. Rh1 Rxb2 50. Rc1 Ke8 51. Bh7 b5 52. axb5 a4 53. Ra1 Rb4
54. b6 Kf8 55. b7 Rxb7 56. Rxa4 Rb8 57. f5 exf5 58. Bxf5 Kg8 59. e4 1-0

[Event "Druga liga Srbije-Vojvodina 2014"]
[Site "Kac, hotel "]
[Date "2014.11.09"]
[Round "3.1"]
[White "Gavric, Zivojin"]
[Black "Vranic, Ljubomir"]
[Result "1/2-1/2"]
[WhiteElo "2104"]
[BlackElo "2187"]
[PlyCount "97"]
[EventDate "2014.11.08"]

1. d4 Nf6 2. Bf4 d6 3. Nf3 Bg4 4. e3 Nbd7 5. h3 Bh5 6. Be2 c6 7. O-O h6 8. Nbd2
Qc7 9. Bh2 Bxf3 10. Bxf3 e5 11. c3 d5 12. e4 dxe4 13. Nxe4 Nxe4 14. Bxe4 Bd6
15. Re1 O-O 16. dxe5 Bxe5 17. Bxe5 Nxe5 18. Qh5 Rfe8 19. Qf5 Ng6 20. Qg4 Nf8
21. Re3 Re5 22. Rae1 Rae8 23. Qg3 f6 24. f4 R5e7 25. Qf2 Kh8 26. c4 Qb6 27. g4
f5 28. gxf5 Nd7 29. R3e2 Qxf2+ 30. Kxf2 Nc5 31. Bc2 Rxe2+ 32. Rxe2 Rxe2+ 33.
Kxe2 Kg8 34. Ke3 Kf7 35. Kd4 Nd7 36. b4 Ke7 37. Be4 Nf6 38. Bf3 Kd6 39. c5+ Ke7
40. a4 Kd7 41. b5 cxb5 42. axb5 b6 43. c6+ Kd6 44. Bg2 Ne8 45. Bf3 Nc7 46. Kc4
Ne8 47. Kd4 Nc7 48. Kc4 Ne8 49. Kd4 1/2-1/2

[Event "Druga liga Srbije-Vojvodina 2014"]
[Site "Kac, hotel "]
[Date "2014.11.09"]
[Round "3.1"]
[White "Kaszas, Viktor"]
[Black "Indjic, Stefan"]
[Result "0-1"]
[WhiteElo "2039"]
[BlackElo "2080"]
[PlyCount "72"]
[EventDate "2014.11.08"]

1. Nf3 g6 2. d4 Bg7 3. c4 c5 4. d5 d6 5. Nc3 Nf6 6. e4 O-O 7. Be2 e6 8. O-O
exd5 9. cxd5 Re8 10. Qc2 Bg4 11. Re1 Nbd7 12. Bf4 Bxf3 13. Bxf3 Ne5 14. Be2 a6
15. a4 Nfd7 16. Be3 g5 17. a5 Qf6 18. Qd2 g4 19. Bf4 h5 20. Ra3 Qg6 21. Bf1 h4
22. Nd1 c4 23. Kh1 Nc5 24. Bxe5 Rxe5 25. Bxc4 Nxe4 26. Qb4 Rae8 27. Kg1 Nc5 28.
Rae3 Qc2 29. Bf1 Re4 30. Rxe4 Rxe4 31. Rxe4 Nxe4 32. Qe1 g3 33. hxg3 hxg3 34.
fxg3 Bd4+ 35. Kh2 Nf6 36. Nf2 Bxf2 0-1

[Event "Druga liga Srbije-Vojvodina 2014"]
[Site "Kac, hotel "]
[Date "2014.11.09"]
[Round "3.2"]
[White "Tancik, Kristijan"]
[Black "Kokeza, Mirko"]
[Result "1/2-1/2"]
[WhiteElo "2255"]
[BlackElo "2265"]
[PlyCount "117"]
[EventDate "2014.11.08"]

1. d4 c5 2. d5 b5 3. e4 Ba6 4. Nf3 d6 5. Bf4 Nf6 6. Nbd2 g6 7. a4 b4 8. Bxa6
Nxa6 9. Qe2 Nc7 10. Nc4 Bg7 11. O-O O-O 12. Rad1 Qd7 13. b3 Qg4 14. Qe3 Qh5 15.
h3 h6 16. Qd3 g5 17. Bg3 g4 18. hxg4 Qxg4 19. Rfe1 Kh8 20. e5 Nfxd5 21. exd6
exd6 22. Bxd6 Nf4 23. Bxf4 Qxf4 24. Qd6 Qxd6 25. Nxd6 Bf6 26. Ne4 Kg7 27. Nxc5
Rfd8 28. Nb7 Rd5 29. Rxd5 Nxd5 30. Rd1 Nc3 31. Rd7 Rc8 32. Nd6 Ne2+ 33. Kh2 Rd8
34. Rxd8 Bxd8 35. Nf5+ Kg6 36. N5d4 Nxd4 37. Nxd4 Bb6 38. Nc6 Bxf2 39. Nxb4 Kf5
40. Nd3 Be3 41. Kh3 Ke4 42. Kg3 Bd4 43. b4 Ke3 44. b5 Kd2 45. Nb4 Bc5 46. Nc6
Kxc2 47. a5 Kb3 48. Nxa7 Kb4 49. Nc6+ Kxb5 50. Nd8 f6 51. Kf4 Kxa5 52. Nf7 Kb4
53. Nxh6 Kc3 54. Kf5 Kd3 55. Ng8 Ke3 56. Nxf6 Kf2 57. g4 Be3 58. Nd5 Bh6 59. g5
1/2-1/2

[Event "Druga liga Srbije-Vojvodina 2014"]
[Site "Kac, hotel "]
[Date "2014.11.09"]
[Round "3.2"]
[White "Markovic, Milovan"]
[Black "Bulajic, Ratko"]
[Result "0-1"]
[WhiteElo "2259"]
[BlackElo "2292"]
[PlyCount "68"]
[EventDate "2014.11.08"]

1. e4 c5 2. Nf3 d6 3. Bc4 e6 4. Nc3 a6 5. a4 Qc7 6. O-O Nf6 7. Re1 Be7 8. d3
Nc6 9. h3 O-O 10. Bg5 Re8 11. Bb3 Rb8 12. Ne2 b5 13. axb5 axb5 14. c3 Ne5 15.
Bc2 Nxf3+ 16. gxf3 e5 17. Kg2 Nh5 18. Be3 f5 19. f4 g5 20. fxe5 f4 21. Ng1 g4
22. exd6 Qxd6 23. Bc1 Qg6 24. Kh1 gxh3 25. Nxh3 Bxh3 26. Rg1 Bg5 27. Qf3 Ng3+
28. fxg3 Qh6 29. Qf2 f3 30. Qh2 Bg2+ 31. Rxg2 fxg2+ 32. Kxg2 Bxc1 33. Qg1 Be3
34. Qd1 Rf8 0-1

[Event "Druga liga Srbije-Vojvodina 2014"]
[Site "Kac, hotel "]
[Date "2014.11.09"]
[Round "3.2"]
[White "Tokovic, Svetozar"]
[Black "Vukovic, Miroslav R"]
[Result "1-0"]
[WhiteElo "2235"]
[BlackElo "2183"]
[PlyCount "89"]
[EventDate "2014.11.08"]

1. e4 c6 2. d3 d5 3. Nd2 e5 4. Ngf3 Bd6 5. d4 Qe7 6. dxe5 Bxe5 7. Qe2 dxe4 8.
Nxe4 Bg4 9. h3 Bxf3 10. Qxf3 Nf6 11. Bd3 Nbd7 12. O-O Nxe4 13. Bxe4 O-O 14. c3
Rfe8 15. Bc2 Bc7 16. Bf4 Bxf4 17. Qxf4 Nf6 18. Rad1 Nd5 19. Qd2 Qe2 20. Rfe1
Qxd2 21. Rxe8+ Rxe8 22. Rxd2 g6 23. Bb3 Nf6 24. Kf1 Kg7 25. f3 Re7 26. Kf2 Nd7
27. Rd6 Nc5 28. Bc2 Rd7 29. Rxd7 Nxd7 30. Ke3 Kf6 31. f4 Ke7 32. g4 f6 33. h4
Kf7 34. b4 h6 35. Ke4 Nb6 36. a4 Nc8 37. Kd4 g5 38. hxg5 hxg5 39. fxg5 fxg5 40.
Kc5 Ne7 41. Be4 Nc8 42. a5 Ke7 43. a6 bxa6 44. Bxc6 Nd6 45. Bd5 1-0

[Event "Druga liga Srbije-Vojvodina 2014"]
[Site "Kac, hotel "]
[Date "2014.11.09"]
[Round "3.2"]
[White "Tomic, Vjekoslav"]
[Black "Ivanovic, Miroslav"]
[Result "1/2-1/2"]
[WhiteElo "2237"]
[BlackElo "2126"]
[PlyCount "131"]
[EventDate "2014.11.08"]

1. e4 c5 2. Nf3 d6 3. c3 Nf6 4. h3 g6 5. Bd3 Bg7 6. O-O O-O 7. Re1 e5 8. Bc2 b6
9. d4 Nbd7 10. dxe5 Nxe5 11. Bf4 Nh5 12. Bh2 Qf6 13. Nbd2 Bh6 14. Nxe5 dxe5 15.
Nf3 Bf4 16. Qe2 Be6 17. Bb3 Bxh2+ 18. Kxh2 Nf4 19. Qe3 Rad8 20. Rad1 Bxb3 21.
axb3 Qe6 22. Rd2 Rd6 23. Rxd6 Qxd6 24. g3 Ne6 25. Re2 f6 26. Rd2 Qc7 27. Qd3
Rd8 28. Qc4 Rd6 29. Kg2 Kf8 30. h4 Rxd2 31. Nxd2 Qd7 32. Nf1 b5 33. Qe2 Qc6 34.
f3 a6 35. Ne3 Nc7 36. Qd2 Ke7 37. Ng4 h5 38. Nf2 Qd7 39. Qh6 Qe8 40. Nd1 Qg8
41. Ne3 Qxb3 42. Qxg6 Qxb2+ 43. Kh3 Qb3 44. Nf5+ Kd7 45. Qg7+ Kc6 46. g4 hxg4+
47. Kxg4 b4 48. cxb4 cxb4 49. Qe7 Qg8+ 50. Kh3 b3 51. Qd6+ Kb7 52. Qb4+ Ka8 53.
Nd6 Nb5 54. Nxb5 Qc8+ 55. Kg3 Qg8+ 56. Kh2 axb5 57. Qxb5 Qf7 58. Qa4+ Kb8 59.
Qb4+ Ka8 60. Qa3+ Kb8 61. Kg3 Qg7+ 62. Kh2 Qb7 63. Qf8+ Ka7 64. Qa3+ Kb8 65.
Qf8+ Ka7 66. Qa3+ 1/2-1/2

[Event "Druga liga Srbije-Vojvodina 2014"]
[Site "Kac, hotel "]
[Date "2014.11.09"]
[Round "3.2"]
[White "Roganovic, Nebojsa"]
[Black "Curakovic, Dragan"]
[Result "1-0"]
[WhiteElo "2197"]
[BlackElo "2140"]
[PlyCount "135"]
[EventDate "2014.11.08"]

1. e4 c5 2. Nf3 Nc6 3. d4 cxd4 4. Nxd4 d6 5. Nc3 Nf6 6. Be2 e5 7. Nb3 h6 8. Be3
Be6 9. O-O Be7 10. f3 O-O 11. Qd2 d5 12. exd5 Nxd5 13. Nxd5 Qxd5 14. Rfd1 Qxd2
15. Rxd2 Rfd8 16. c3 Bxb3 17. Rxd8+ Rxd8 18. axb3 a6 19. b4 Bg5 20. Kf2 Bxe3+
21. Kxe3 Ne7 22. Bc4 Kf8 23. Ra5 f6 24. Bb3 Nf5+ 25. Ke2 Nd6 26. Rc5 Rc8 27.
Bd5 Re8 28. Rc7 Re7 29. Rxe7 Kxe7 30. c4 b6 31. c5 bxc5 32. bxc5 Nb5 33. Kd3
Nc7 34. Kc4 Kd7 35. g4 Ke7 36. b4 g6 37. Be4 g5 38. Bb7 Kd7 39. Kd3 Ke7 40. Ke4
Ke6 41. Bc8+ Ke7 42. Bb7 Ke6 43. h3 Ke7 44. Bd5 Kd7 45. Bc4 Kc6 46. Kf5 a5 47.
bxa5 Kxc5 48. Be2 Nd5 49. a6 Kb6 50. Bd3 Ka7 51. Be4 Nf4 52. Bb7 Nxh3 53. Kxf6
Nf4 54. Kxe5 h5 55. gxh5 Nxh5 56. Kf5 Ng7+ 57. Kxg5 Ne6+ 58. Kf6 Nf4 59. Kf5
Ne2 60. f4 Kb6 61. Ke5 Ng3 62. f5 Nh5 63. f6 Nxf6 64. Kxf6 Ka7 65. Ke5 Kb6 66.
Kd6 Ka7 67. Kc5 Kb8 68. Bg2 1-0

[Event "Druga liga Srbije-Vojvodina 2014"]
[Site "Kac, hotel "]
[Date "2014.11.09"]
[Round "3.3"]
[White "Veljkovic, Vojislav"]
[Black "Del Rey, Diego"]
[Result "0-1"]
[WhiteElo "2224"]
[BlackElo "2379"]
[PlyCount "100"]
[EventDate "2014.11.08"]

1. Nf3 d5 2. b3 c5 3. Bb2 Nc6 4. e3 Bg4 5. d4 cxd4 6. exd4 e6 7. a3 Bd6 8. Be2
Qf6 9. Ne5 Nxe5 10. Bxg4 Nxg4 11. Qxg4 Nh6 12. Qe2 O-O 13. Nd2 Qg6 14. Nf3 Rac8
15. O-O-O Rc7 16. h3 Rfc8 17. Ne1 Nf5 18. Rf1 Bf8 19. Qd3 h5 20. Kb1 h4 21. Rd2
Bd6 22. Ka2 a6 23. Re2 b5 24. Rg1 Bh2 25. Rh1 Bf4 26. Rg1 Qh6 27. g3 hxg3 28.
fxg3 Bc1 29. Ba1 Nd6 30. Rf1 Ne4 31. Bb2 Bxb2 32. Kxb2 Rc3 33. Qd1 Nxg3 34.
Rff2 Nxe2 35. Rxe2 Rxh3 36. Nd3 Rh1 37. Re1 Rxe1 38. Qxe1 Qh2 39. Nc5 Qf4 40.
Nxe6 Qf6 41. Nc7 Rxc7 42. Qe8+ Kh7 43. Qe2 Qxd4+ 44. Kb1 Qc3 45. Qf2 Qxc2+ 46.
Qxc2+ Rxc2 47. Kxc2 g5 48. Kd3 g4 49. Kc3 g3 50. Kb4 g2 0-1

[Event "Druga liga Srbije-Vojvodina 2014"]
[Site "Kac, hotel "]
[Date "2014.11.09"]
[Round "3.3"]
[White "Drazic, Sinisa"]
[Black "Grujic, Zoran"]
[Result "0-1"]
[WhiteElo "2429"]
[BlackElo "2322"]
[PlyCount "85"]
[EventDate "2014.11.08"]

1. d4 Nf6 2. c4 g6 3. f3 Bg7 4. e4 d6 5. Be3 O-O 6. Ne2 e5 7. d5 c6 8. Qd2 cxd5
9. cxd5 a6 10. Nbc3 b5 11. Nc1 Nh5 12. b4 f5 13. Nb3 Nd7 14. Bd3 Ndf6 15. h3
fxe4 16. fxe4 Ng3 17. Rg1 Bd7 18. O-O-O Rc8 19. Kb2 Rxc3 20. Qxc3 Ngxe4 21. Qe1
Qa8 22. Bc1 Nf2 23. Qxf2 Nxd5 24. Qe1 e4+ 25. Ka3 exd3 26. Rxd3 Bf5 27. Rxd5
Qxd5 28. Bb2 Bxb2+ 29. Kxb2 Rc8 30. Ka3 Be4 31. g4 Rc2 32. Qh4 g5 33. Qg3 a5
34. Rc1 axb4+ 35. Kxb4 Qc4+ 36. Ka5 Qc7+ 37. Kb4 Rxc1 38. Nxc1 Qxc1 39. Qxd6
Qc4+ 40. Ka5 Qxa2+ 41. Kb6 Qd5 42. Qb8+ Kg7 43. Ka5 0-1

[Event "Druga liga Srbije-Vojvodina 2014"]
[Site "Kac, hotel "]
[Date "2014.11.09"]
[Round "3.3"]
[White "Savanovic, Vuk"]
[Black "Ljubisavljevic, Zivojin Z"]
[Result "1-0"]
[WhiteElo "2292"]
[BlackElo "2158"]
[PlyCount "93"]
[EventDate "2014.11.08"]

1. e4 e6 2. d4 d5 3. Nc3 Bb4 4. e5 c5 5. a3 Bxc3+ 6. bxc3 Qc7 7. Qg4 f5 8. Qg3
Qf7 9. Nf3 h6 10. h4 Ne7 11. h5 cxd4 12. cxd4 Nbc6 13. Bd2 Bd7 14. Rb1 b6 15.
Bd3 Na5 16. Qh4 Nc4 17. Bb4 Bc6 18. Rh3 Kd7 19. Rg3 Rhg8 20. Bxe7 Qxe7 21.
Qxe7+ Kxe7 22. Bxc4 dxc4 23. Nh4 Be4 24. Ng6+ Kf7 25. Rb4 Rac8 26. c3 Rgd8 27.
Nf4 Bd5 28. Rg6 Rc7 29. Kd2 Re7 30. Ke3 Rb7 31. f3 b5 32. g4 fxg4 33. fxg4 a5
34. Rb2 b4 35. axb4 axb4 36. cxb4 Ra8 37. Nxd5 exd5 38. Rd6 Ra3+ 39. Kf4 c3 40.
Rc2 Rxb4 41. Rxd5 Rb1 42. Rc5 Rd1 43. Ke3 Ra4 44. Rc7+ Ke8 45. R2xc3 Rdxd4 46.
Kf3 Rf4+ 47. Ke3 {dalje je necitko..72} 1-0

[Event "Druga liga Srbije-Vojvodina 2014"]
[Site "Kac, hotel "]
[Date "2014.11.09"]
[Round "3.3"]
[White "Jovic, Stevan"]
[Black "Banovic, Ivan"]
[Result "1/2-1/2"]
[WhiteElo "2273"]
[BlackElo "2226"]
[PlyCount "103"]
[EventDate "2014.11.08"]

1. d4 Nf6 2. c4 g6 3. Nc3 Bg7 4. e4 d6 5. Be2 O-O 6. Nf3 e5 7. O-O Nc6 8. d5
Ne7 9. Ne1 Nd7 10. Nd3 f5 11. Bd2 Nf6 12. f3 f4 13. a4 g5 14. g4 c5 15. dxc6
Nxc6 16. Nd5 Nd4 17. Nxf6+ Bxf6 18. Bc3 Be6 19. Bxd4 exd4 20. b3 a5 21. Rc1 Rc8
22. Kg2 Bf7 23. Rc2 Kg7 24. Rd2 h5 25. h3 Rh8 26. Rg1 Rh6 27. Nf2 Qh8 28. Bd3
Be5 29. Kf1 Be6 30. Ke1 hxg4 31. fxg4 Rxh3 32. Nxh3 Qxh3 33. Qe2 Qe3 34. Kf1 f3
35. Qd1 Rh8 36. Rf2 Rf8 37. Bc2 Rf4 38. Rg3 Bxg4 39. Rxg4 Rxg4 40. Qxf3 Rf4 41.
Qxe3 dxe3 42. Rxf4 gxf4 43. Bd1 Kf6 44. Bf3 b6 45. Ke2 Bd4 46. Kd3 Ke5 47. Be2
Bc5 48. Bf3 Kf6 49. Ke2 Kg5 50. Kd3 Kh4 51. Ke2 Kg3 52. Bh5 1/2-1/2

[Event "Druga liga Srbije-Vojvodina 2014"]
[Site "Kac, hotel "]
[Date "2014.11.09"]
[Round "3.3"]
[White "Krejic, Igor"]
[Black "Matic, Novica"]
[Result "1/2-1/2"]
[WhiteElo "2213"]
[BlackElo "2025"]
[PlyCount "87"]
[EventDate "2014.11.08"]

1. e4 c5 2. c3 d5 3. exd5 Nf6 4. d4 Nxd5 5. Nf3 e6 6. Be2 Be7 7. O-O O-O 8. c4
Nf6 9. Nc3 Nbd7 10. h3 b6 11. d5 exd5 12. cxd5 Re8 13. d6 Bf8 14. Bc4 Ne5 15.
Nxe5 Rxe5 16. Bf4 Rf5 17. Qd2 Bb7 18. Rad1 Nd7 19. Bd3 Rh5 20. Be2 Rf5 21. Bg4
Rf6 22. Bg5 h6 23. Bxf6 Nxf6 24. Bf5 g6 25. Bc2 Qd7 26. Qf4 Kg7 27. Ba4 Qd8 28.
b4 cxb4 29. Qxb4 Nd7 30. Qd4+ Kg8 31. Bxd7 Qxd7 32. Nd5 Bxd5 33. Qxd5 Rd8 34.
Qd2 Rc8 35. Rc1 Rd8 36. Rc7 Qxd6 37. Qxd6 Rxd6 38. Rxa7 Rf6 39. g3 Bc5 40. Kg2
h5 41. Rd7 h4 42. Rd3 Re6 43. Rd2 Re4 44. Kf3 1/2-1/2

[Event "Druga liga Srbije-Vojvodina 2014"]
[Site "Kac, hotel "]
[Date "2014.11.09"]
[Round "3.3"]
[White "Dimitrijevic, Nenad"]
[Black "Pavlik, Goran"]
[Result "1/2-1/2"]
[WhiteElo "2246"]
[BlackElo "2195"]
[PlyCount "67"]
[EventDate "2014.11.08"]

1. Nf3 Nf6 2. g3 d5 3. Bg2 Bf5 4. O-O e6 5. d3 Bc5 6. Nbd2 O-O 7. h3 Re8 8. Nh4
c6 9. e4 dxe4 10. dxe4 Bg6 11. Nxg6 hxg6 12. Qe2 Qc7 13. Kh2 e5 14. a4 a5 15.
Nc4 Nbd7 16. f4 b5 17. axb5 cxb5 18. Nxe5 Nxe5 19. fxe5 Qxe5 20. Bf4 Qxb2 21.
Rab1 Qc3 22. e5 Rac8 23. Qxb5 Nh5 24. Qb3 Qxb3 25. cxb3 Nxf4 26. gxf4 g5 27.
Bd5 gxf4 28. Rxf4 Re7 29. Rbf1 Rcc7 30. Kg2 g6 31. e6 fxe6 32. Be4 Rf7 33. Bxg6
Rxf4 34. Rxf4 1/2-1/2

[Event "Druga liga Srbije-Vojvodina 2014"]
[Site "Kac, hotel "]
[Date "2014.11.09"]
[Round "3.4"]
[White "Leskur, Dejan"]
[Black "Stojanovic, Dalibor"]
[Result "1/2-1/2"]
[WhiteElo "2382"]
[BlackElo "2504"]
[PlyCount "24"]
[EventDate "2014.11.08"]

1. Nf3 Nf6 2. b3 g6 3. Bb2 Bg7 4. g3 O-O 5. Bg2 d6 6. d4 c5 7. c4 Ne4 8. O-O
Nc6 9. Nbd2 Bf5 10. e3 Nxd2 11. Qxd2 Be4 12. Rfd1 Qc7 1/2-1/2

[Event "Druga liga Srbije-Vojvodina 2014"]
[Site "Kac, hotel "]
[Date "2014.11.09"]
[Round "3.4"]
[White "Ratkovic, Miloje"]
[Black "Robulj, Nenad"]
[Result "1-0"]
[WhiteElo "2376"]
[BlackElo "2329"]
[PlyCount "53"]
[EventDate "2014.11.08"]

1. d4 b5 2. Nf3 Bb7 3. Bf4 e6 4. e3 a6 5. a4 b4 6. Nbd2 a5 7. Bd3 Nf6 8. h3 Be7
9. O-O O-O 10. Qe2 d6 11. e4 Ba6 12. Bxa6 Nxa6 13. Nb3 c6 14. e5 Nd5 15. Bg3 c5
16. Rad1 dxe5 17. Nxe5 Qe8 18. Nxa5 cxd4 19. Nac6 Bc5 20. Nxd4 Bxd4 21. Rxd4
Qxa4 22. c4 Nb6 23. Qh5 f6 24. Nd3 Qe8 25. Qb5 e5 26. Rd6 Nc8 27. Rxa6 1-0

[Event "Druga liga Srbije-Vojvodina 2014"]
[Site "Kac, hotel "]
[Date "2014.11.09"]
[Round "3.4"]
[White "Joksimovic, Dragoljub"]
[Black "Ratkovic, Milovan"]
[Result "0-1"]
[WhiteElo "2205"]
[BlackElo "2332"]
[PlyCount "114"]
[EventDate "2014.11.08"]

1. c4 c6 2. Nc3 d5 3. d4 Nf6 4. Nf3 e6 5. g3 Nbd7 6. Bg2 Bd6 7. O-O dxc4 8. a4
a5 9. e4 e5 10. d5 Nc5 11. Nd2 Nb3 12. Nxb3 cxb3 13. Qxb3 O-O 14. Rd1 Qe7 15.
Be3 Ng4 16. Bd2 Bc5 17. Be1 Qf6 18. Rd2 Qh6 19. h3 Nf6 20. Qc4 Ba7 21. Qf1 Qg6
22. Kh2 h5 23. Rad1 Qh6 24. Rd3 Bc5 25. Bd2 Qg6 26. Be3 Bxe3 27. Rxe3 h4 28.
Ne2 Qh6 29. Rc3 Bd7 30. g4 cxd5 31. exd5 Bxa4 32. b3 Bb5 33. Re3 a4 34. bxa4
Rxa4 35. Rxe5 Rxg4 36. d6 Bd7 37. f4 Rg6 38. Bxb7 Ne8 39. Qf3 Rxd6 40. Rg1 Bc6
41. Bxc6 Rxc6 42. Rh5 Qf6 43. Rg4 g6 44. Rhg5 Rc2 45. Qd3 Rc6 46. Rxh4 Ng7 47.
Rhg4 Rd8 48. Qf3 Rd2 49. Rg2 Rcc2 50. Qe4 Rxe2 51. Rxe2 Rxe2+ 52. Qxe2 Qxf4+
53. Rg3 Nf5 54. Qg4 Qxg3+ 55. Qxg3 Nxg3 56. Kxg3 Kg7 57. Kg4 Kh6 0-1

[Event "Druga liga Srbije-Vojvodina 2014"]
[Site "Kac, hotel "]
[Date "2014.11.09"]
[Round "3.4"]
[White "Vucinic, Gojko"]
[Black "Besedes, Danilo"]
[Result "1-0"]
[WhiteElo "2296"]
[BlackElo "2113"]
[PlyCount "79"]
[EventDate "2014.11.08"]

1. e4 e6 2. d4 d5 3. Nd2 Nf6 4. e5 Nfd7 5. Bd3 c5 6. c3 Nc6 7. Ne2 cxd4 8. cxd4
f6 9. Nf4 Nxd4 10. Qh5+ Ke7 11. Ng6+ hxg6 12. exf6+ Nxf6 13. Qxh8 Kf7 14. O-O
e5 15. Nb3 Nc6 16. Bg5 Be6 17. Rac1 Rc8 18. Qh4 Rc7 19. Rfd1 Be7 20. Nc5 Qc8
21. Qa4 Nd4 22. Nxe6 Nxe6 23. Rxc7 Qxc7 24. Rc1 Qb6 25. Bxf6 Kxf6 26. Qd7 Qd4
27. Bxg6 Qd2 28. Rf1 Qg5 29. Bb1 e4 30. f4 Qf5 31. Kh1 Nc5 32. Qb5 g6 33. b4
Qd7 34. Qe2 Ne6 35. Qb2+ d4 36. Bxe4 Qb5 37. Qf2 Bxb4 38. f5 gxf5 39. Qh4+ Kg6
40. Rxf5 1-0

[Event "Druga liga Srbije-Vojvodina 2014"]
[Site "Kac, hotel "]
[Date "2014.11.09"]
[Round "3.4"]
[White "Cvetkovic, Slavko"]
[Black "Munizaba, Slobodan"]
[Result "0-1"]
[WhiteElo "2217"]
[BlackElo "2335"]
[PlyCount "66"]
[EventDate "2014.11.08"]

1. d4 c5 2. c3 Nf6 3. Nf3 e6 4. g3 b6 5. Bg2 Bb7 6. O-O Be7 7. e3 O-O 8. Nbd2
Qc7 9. Re1 d5 10. Ne5 Nbd7 11. f4 b5 12. a3 a5 13. Nxd7 Nxd7 14. Nf3 b4 15. Bd2
bxa3 16. bxa3 Rab8 17. Bf1 c4 18. Be2 Bc6 19. Bc1 Rb3 20. Qc2 Ba4 21. Qd2 Nf6
22. Bd1 Ne4 23. Qg2 Nxc3 24. Bxb3 Bxb3 25. Nd2 Bc2 26. Nf3 Be4 27. Qd2 Nb1 28.
Qg2 c3 29. Qe2 Rb8 30. Ne5 c2 31. Kf2 Nc3 32. Qa6 Rb1 33. Bd2 Nd1+ 0-1

[Event "Druga liga Srbije-Vojvodina 2014"]
[Site "Kac, hotel "]
[Date "2014.11.09"]
[Round "3.4"]
[White "Orlov, Konstantin"]
[Black "Mitrovic, Zivadin"]
[Result "1-0"]
[WhiteElo "2224"]
[BlackElo "2186"]
[PlyCount "129"]
[EventDate "2014.11.08"]

1. Nf3 Nf6 2. c4 e6 3. d4 d5 4. Nc3 b6 5. Bg5 Be7 6. e3 Bb7 7. Qa4+ Qd7 8. Qc2
h6 9. Ne5 Qd8 10. cxd5 exd5 11. Qa4+ c6 12. Bf4 O-O 13. Be2 Re8 14. Rc1 Nfd7
15. Nd3 Bg5 16. O-O Bxf4 17. Nxf4 Nf6 18. b4 a6 19. Qb3 Nbd7 20. a4 b5 21. a5
Qe7 22. Nd3 Qd6 23. Rc2 Rad8 24. Rfc1 Bc8 25. Nd1 Nb8 26. Ne5 Bf5 27. Bd3 Bxd3
28. Nxd3 Rc8 29. Ne5 Nfd7 30. Nf3 g6 31. Nb2 Kg7 32. Nd3 f6 33. Rc3 g5 34. h3
Rc7 35. Qc2 Nf8 36. Nc5 Nfd7 37. Nd3 Nf8 38. Nc5 Nfd7 39. Nd3 Nf8 40. Nd2 Ne6
41. Nf1 Kf7 42. Ng3 Ng7 43. Nc5 Qf8 44. e4 dxe4 45. Qb3+ Kg6 46. Ncxe4 Rd7 47.
Rd1 h5 48. Rf3 f5 49. Qb1 Rf7 50. Nc5 Kh6 51. Qc1 f4 52. Nge4 Rfe7 53. Nc3 Nf5
54. d5 cxd5 55. Nxd5 Re5 56. Rfd3 Qf7 57. Qc3 h4 58. Kh2 f3 59. Rxf3 Rxd5 60.
Rxd5 Qxd5 61. Qf6+ Kh7 62. Rxf5 Qc6 63. Qf7+ Kh8 64. Qh5+ Kg8 65. Qxg5+ 1-0

[Event "Druga liga Srbije-Vojvodina 2014"]
[Site "Kac, hotel "]
[Date "2014.11.09"]
[Round "3.5"]
[White "Sertic, Rudolf"]
[Black "Bokros, Albert"]
[Result "1-0"]
[WhiteElo "2336"]
[BlackElo "2485"]
[PlyCount "143"]
[EventDate "2014.11.08"]

1. c4 e5 2. Nc3 Nf6 3. g3 d5 4. cxd5 Nxd5 5. Bg2 Nb6 6. Nf3 Nc6 7. O-O Be7 8.
b3 O-O 9. Bb2 Re8 10. Rc1 Bf8 11. d3 Nd4 12. Nd2 c6 13. e3 Nf5 14. Qe2 f6 15.
Rfd1 Qe7 16. a3 Be6 17. b4 Qf7 18. b5 cxb5 19. Nxb5 Na4 20. Ne4 Bb3 21. Re1
Red8 22. Bh3 a6 23. Rc7 Qg6 24. Nbc3 Nxc3 25. Nxc3 Nd6 26. Rc1 Rab8 27. Bg2 Be6
28. a4 b5 29. axb5 axb5 30. Ne4 Bf5 31. f3 Nxe4 32. fxe4 Be6 33. d4 Bc4 34. Qf3
Bd6 35. Ra7 Ra8 36. Rca1 Rxa7 37. Rxa7 h5 38. Bh3 h4 39. Kg2 hxg3 40. hxg3 exd4
41. exd4 Qg5 42. Bf5 Bf7 43. Rb7 b4 44. Rd7 Rxd7 45. Bxd7 Qd2+ 46. Qf2 Qd3 47.
Bc6 Bxg3 48. Qxg3 Qc2+ 49. Qf2 Qxc6 50. d5 Qc4 51. Qd4 Qe2+ 52. Kg3 b3 53. d6
Be6 54. e5 Qe1+ 55. Kf3 Qf1+ 56. Kg3 Qh3+ 57. Kf2 Qh2+ 58. Kf3 Bf7 59. d7 Bh5+
60. Ke4 Qe2+ 61. Kd5 Qb5+ 62. Kd6 Qb8+ 63. Ke6 Bf7+ 64. Kf5 Qd8 65. exf6 gxf6
66. Qd6 Qa5+ 67. Kxf6 Qd8+ 68. Kf5 Qa5+ 69. Kf4 Qd8 70. Qf6 Qc7+ 71. Qe5 Qc4+
72. Kg5 1-0